| 000 | 00492 a2200181 4500 | ||
|---|---|---|---|
| 005 | 20250626143415.0 | ||
| 020 | _a978-1-7924-8702-6 | ||
| 082 | _a650.14 REA | ||
| 100 | _aREARDON, C. R | ||
| 245 | _aCareer Development and Planning: A Comprehensive Approach | ||
| 250 | _a7th Ed. | ||
| 260 |
_aUSA _bKendall Hunt Publishing Company _c2022. |
||
| 300 |
_aviii,316p. _bIndex _c27cm |
||
| 700 | _aJanet G. Lenz | ||
| 700 | _aGary W. Peterson | ||
| 700 | _aJames P. Sampson | ||
| 942 |
_2ddc _cBKS |
||
| 999 |
_c5400 _d5400 |
||